000 00283nam a2200097Ia 4500
001 645052
005 20250826153616.0
008 250824s9999 xx 000 0 und d
245 0 _aGÜLİSTAN ANTİK DÜNYA KLASİKLERİ
_cŞEYH SADİ-İ ŞİRAZİ
260 _bANTİK DÜNYA KLASİKLERİ
999 _c645052
_d645052